Landen die het dichtst bij Guinee-Bissau liggen - Statistieken

Algemene statistieken
  • Deze quiz is 15 keer genomen
  • De gemiddelde score is 16 van 20
Antwoordstatistieken
km land % Correct
637 Côte d'Ivoire
100%
1668 Marokko
100%
1586 Benin
93%
61 Gambia
93%
280 Mauritanië
93%
0 Senegal
93%
1657 Algerije
86%
1188 Ghana
86%
0 Guinee
86%
519 Liberia
86%
208 Mali
86%
1511 Niger
86%
249 Sierra Leone
86%
1479 Togo
86%
1832 Nigeria
79%
900 Burkina Faso
71%
758 Cabo Verde
71%
1674 Spanje
57%
2225 Portugal
36%
921 Westelijke Sahara
36%
Geen overeenkomende quizzen gevonden
Scoreverdeling
Procent van Mensen met Elke Score
Percentiel versus Aantal Correcte Antwoorden
Uw Scoregeschiedenis
U heeft deze quiz nog niet genomen